| 000 | 00877nam a22002777a 4500 | ||
|---|---|---|---|
| 001 | BR7302349 | ||
| 003 | BR-BrBNA | ||
| 005 | 20230928083922.0 | ||
| 007 | ta | ||
| 008 | 230509b bl.||||| |||| 00| 0 por d | ||
| 040 |
_aBR-BrBNA _bpor _cBiblioteca Nacional de Agricultura |
||
| 041 | _a(Por) | ||
| 072 |
_aE10; D10 _b0430 _b0300 _b/G514 |
||
| 090 | _ 0430 BR7302349 | ||
| 110 | 1 |
_aInstituto Nordestino para o Fomento de Algodao e Oleaginosas, Recife, PE (Brasil) _96547 |
|
| 245 | 1 | _aO INFAOL e seus propositos [Instituto Nordestino para o Fomento de Algodao e Oleaginosas; Brasil] | |
| 260 | 3 |
_aRecife, PE (Brasil): _c[nd]. |
|
| 300 | _a43 p. | ||
| 500 | _aPublished after 1971; 10 tables | ||
| 650 | _aALGODAO | ||
| 650 | _aPLANTA OLEAGINOSA | ||
| 650 | _aINSTITUICAO AGRICOLA | ||
| 650 | _aADMINISTRACAO | ||
| 909 |
_a202309 _bLucia _c55 _dLucia Elande |
||
| 942 | _cBK | ||
| 999 |
_c15835 _d15835 |
||